000 00563nam a2200205Ia 4500
003 GCL
008 140319s9999 xx 000 0 ara d
040 _aGCL /
_cGCL
082 0 4 _a813.03
_bم ل
100 1 _aذوقان قرقوط
245 1 0 _aليس فى رصيف الازهار من يجيب /
_cذوقان قرقوط
700 1 _aمالك حداد
300 _a127 ص
490 _a
650 0 4 _aالادب العربى
650 0 4 _aالقصص
650 0 4 _aالادب العالمى
650 0 4 _aالادب الجزائرى
942 _2ddc
_cBK
999 _c40526
_d40526